00249nam a2200097Ia 4500008004100000100000900041245005200050260002500102942000700127999001700134190216s9999||||xx |||||||||||||| ||und|| aNull 0aHindi-Natakkar Lakshmi Narayan Ki Nitya Sadhana bAbhinav Publications cBK c17987d17987